| 000 | 00473nam a2200121Ia 4500 | ||
|---|---|---|---|
| 008 | 220216s9999 xx 000 0 und d | ||
| 100 | _aBealing F J | ||
| 245 | 0 | _aQuantitative aspects of latex metabolosm: Possible involvement of precursors other than sucrose in the biosynthesis of Hevea rubber | |
| 260 | _bProceedings of the International Rubber Conference, Kuala Lumpur. V.2, 1975; p543-565 | ||
| 650 | _aHevea biosynthesis | ||
| 650 | _aLatex metabolism | ||
| 942 | _cJS | ||
| 999 |
_c66193 _d66193 |
||